|
|
|
|
| LEADER |
01426nam a2200397 a 4500 |
| 001 |
000252431 |
| 003 |
CZ BrMZK |
| 005 |
20250825115710.0 |
| 008 |
010907s1997 xr a e f 0 cze d |
| 015 |
|
|
|a cnb000291550
|
| 020 |
|
|
|a 80-85978-32-6
|
| 035 |
|
|
|a (OCoLC)38762509
|
| 040 |
|
|
|a BOA001
|b cze
|
| 072 |
|
7 |
|a 796
|x Sport. Hry. Tělesná cvičení
|2 Konspekt
|9 20
|
| 080 |
|
|
|a 796.11.05
|2 MRF
|
| 080 |
|
|
|a (035)
|2 MRF
|
| 100 |
1 |
|
|a Jandová, Jana,
|d 1957-
|7 mzk2007394910
|
| 245 |
1 |
0 |
|a Husité /
|c Jana Jandová. Po stopách Rychlých šípů / Hana Štolbová
|
| 250 |
|
|
|a 1. vyd.
|
| 260 |
|
|
|a Brno :
|b Konvoj,
|c 1997
|
| 300 |
|
|
|a 44 s. :
|b il. ;
|c 21 cm
|
| 490 |
1 |
|
|a Celotáborové hry ;
|v 27,28
|
| 500 |
|
|
|a Vyd. Česká rada Pionýra, Praha
|
| 504 |
|
|
|a Obsahuje bibliografii
|
| 650 |
0 |
7 |
|a etapové hry
|7 ph114487
|2 czenas
|
| 650 |
0 |
9 |
|a adventure games
|2 eczenas
|
| 655 |
|
7 |
|a příručky
|7 fd133209
|2 czenas
|
| 655 |
|
9 |
|a handbooks and manuals
|2 eczenas
|
| 700 |
1 |
|
|a Štolbová, Hana
|7 mzk2013743041
|4 aut
|
| 710 |
2 |
|
|a Pionýr (spolek).
|b Česká rada
|7 kn20010711356
|
| 830 |
|
0 |
|a Celotáborové hry
|
| 910 |
|
|
|a BOA001
|b X-1038.871
|b PK-0130.122
|
| 920 |
|
|
|a 000322516
|
| 990 |
|
|
|a BK
|
| 996 |
7 |
|
|b 2610060953
|c X-1038.871
|l MZK
|r Sklad / do 24 hodin
|n 22
|p p.v.
|w 000252431
|u 000010
|a 1
|e BOA001
|j MZK50
|s A
|
| 996 |
7 |
|
|b 3119012877
|c PK-0130.122
|l MZK
|r Sklad / do 1 hodiny
|n 17
|p kup
|w 000252431
|u 000020
|a 1
|e BOA001
|j MZK50
|s A
|